000 00356nam a22001577a 4500
003 MPLRDC
005 20220104123340.0
008 210129b ||||| |||| 00| 0 eng d
082 _a909.412 FLKN
100 _a佛莱克纳著
245 _a美国的绘画
_c
260 _a
_b世界书局
_c
300 _b
650 _a
942 _cBK
_o909.412 FLKN
999 _c10687
_d10677